00297pam a2200109 a 4500020002000000041000500020100003100025245006500056250002400121260003300145300000900178 a81-5158-070-2c h aRakesh , Troap.,eAuthor., aThe Silviculture of Indian Trees Vol - IIhTextual Documents a1 st Edition 2006. a[s.l]:bNatraj. Publication. a336.